| 000 | 010540am a2200265 a04500 | ||
|---|---|---|---|
| 003 | EG-GiCUC | ||
| 008 | 070317s1994 ua g f000 0 ara d | ||
| 040 |
_aEG-GiCUC _bara _cEG-GiCUC |
||
| 043 | _af-ua--- | ||
| 050 | 4 |
_aHD9867.E32. _bA5 1994 |
|
| 092 | 0 | 4 |
_a338.476770962 _bA3135 _221 |
| 099 |
_a04 _a338.476770962 A3135 |
||
| 110 | 2 | _aاكاديمية البحث العلمى و التكنولوجيا | |
| 245 | 1 | 2 | _aالموسوعة العلمية للصناعات النسجية فى مصر خلال خمسين عاما (1944-1994) / اكاديمية البحث العلمى و التكنولوجيا |
| 260 |
_aالقاهرة : _bالاكاديمية : _c1994 |
||
| 300 |
_a3مج ؛ _c28سم |
||
| 500 | _aيشتمل على كشافات | ||
| 650 | 4 |
_aالغزل والنسيج _xابحاث |
|
| 650 | 4 |
_aالغزل والنسيج _xصناعة و تجارة _zمصر _xتاريخ |
|
| 650 | 4 | _aالنساجون المصريون | |
| 902 | _a1 | ||
| 905 |
_aجيهان _eمراجع |
||
| 905 |
_aشكرية _eمدخل |
||
| 942 |
_2ddc _cREF |
||
| 999 |
_c93456 _d93456 |
||